Digital image

Zapisane w:
Opis bibliograficzny
1. autor: Yoichiro, Kawaguchi
Format: Książka
Język:Undetermined
Wydane: Tokyo ASCII 1981
Hasła przedmiotowe:
Etykiety: Dodaj etykietę
Nie ma etykietki, Dołącz pierwszą etykiete!
Thư viện lưu trữ: Trung tâm Học liệu Trường Đại học Cần Thơ
LEADER 00476nam a2200181Ia 4500
001 CTU_98249
008 210402s9999 xx 000 0 und d
082 |a 621.3815 
082 |b K22 
100 |a Yoichiro, Kawaguchi 
245 0 |a Digital image 
245 0 |c Yoichiro Kawaguchi 
260 |a Tokyo 
260 |b ASCII 
260 |c 1981 
650 |a Information display systems,Imaging systems 
904 |i Truc 
980 |a Trung tâm Học liệu Trường Đại học Cần Thơ